000 00800na a2200265 4500
001 18078
003 MIRAKIL
005 20181213154753.0
008 161110b tu 000 0
020 _a9789759011086
040 _aMilas
_btur
_cTR-AnCHP
041 _aeng
082 _a738.50956672
_bB34 2011
090 _a738.50956672 B34 2011
245 _aBelkıs/Zeugma and its mosaics
_ceditor Rifat Ergeç ; translated by Bilgi Altınok
246 _aBelkıs and its mosaics
246 _aZeugma and its mosaics
260 _aİstanbul
_bSANKO
_c2011
300 _a224 s.
_brnkl. fotg.
_c33 sm.
504 _aKaynakça var.
650 _aMozaikler
_xZeugma
_zGaziantep
650 _aSeramik sanatları
_xMozaikler
_zGaziantep
657 _aZeugma mozaikleri
_zGaziantep
942 _2ddc
_cBKS
999 _c541
_d541